Marxismus-leninizmus o základni a nadstavbe

Saved in:
Bibliographic Details
Format: Book
Language:Slovak
Published: Bratislava SAVU 1951
Tags: Add Tag
No Tags, Be the first to tag this record!

MARC

LEADER 00000nam a2200000 4500
001 0315399
005 20260311135242.8
041 0 |a slo 
044 |a SK 
245 1 0 |a Marxismus-leninizmus o základni a nadstavbe  |c D. I. Česnokov 
264 1 |a Bratislava  |b SAVU  |c 1951